000 00239nam a22001097a 4500
082 _a629.224 TRU'A
100 _aAUTOEXPORT
_974827
245 _aTRUCKS REPAIR MANUAL
260 _aMOSCOW
_bAUTOEXPORT
_c1965
300 _a160P
942 _cBK
999 _c580334
_d580334